Italian Words #1 - Statistics

General Stats
  • This quiz has been taken 1,541 times
  • The average score is 17 of 25
Answer Stats
Italian English % Correct
Acqua Water
97%
Tu You
96%
Natura Nature
95%
Verde Green
93%
Cioccolato Chocolate
91%
Microfono Microphone
90%
Blu Blue
89%
Cane Dog
83%
Bottiglia Bottle
82%
Terra Earth
79%
Mare Sea
79%
Disco Disk
78%
Mela Apple
73%
Aria Air
63%
Luce Light
61%
Pera Pear
61%
Fuoco Fire
58%
Penna Pen
58%
Battaglia Battle
53%
Caramella Candy
48%
Pantera Panther
41%
Ciclope Cyclops
37%
Carta Paper
37%
Livello Level
32%
Colonna Column
26%
No matching quizzes found
Score Distribution
Percent of People with Each Score
Percentile by Number Answered
Your Score History
You have not taken this quiz